| 000 | 00725nam a2200229 i 4500 | ||
|---|---|---|---|
| 001 | 89113 | ||
| 003 | ES-MaACL | ||
| 005 | 20230906180059.0 | ||
| 007 | t| | ||
| 008 | 050201s2004 sp f |||| | spa d | ||
| 020 | _a84-9705-669-3 | ||
| 080 | _a1 Zambrano, María | ||
| 100 | 1 |
_aMaillard, María Luisa. _975577 |
|
| 245 | 1 | 0 |
_aEstampas zambranianas / _cMª Luisa Maillard. |
| 260 |
_aValencia : _bEditorial de la UPV, _c[2004] |
||
| 300 |
_a130 p., [8] p. de lám. col. y n. ; _c22 cm. |
||
| 490 | 1 |
_aLetras humanas ; _v26 |
|
| 600 | 1 | 4 |
_aZambrano, María, 1904-1991- _xCrítica e interpretación _9117916 |
| 830 | 0 |
_aLetras humanas ; _v26 _9231880 |
|
| 852 |
_aES-MaACL _jL-28755 |
||
| 999 |
_c89113 _d89113 |
||